Making urban places : principles and guidelines for layout planning (Record no. 222568)

MARC details
000 -LEADER
fixed length control field 00323nam a2200097Ia 4500
082 ## - DEWEY DECIMAL CLASSIFICATION NUMBER
Classification number 711.40968|BEHR
008 - FIXED-LENGTH DATA ELEMENTS--GENERAL INFORMATION
fixed length control field 210817s9999 xx 000 0 und d
100 ## - MAIN ENTRY--PERSONAL NAME
Personal name Behrens, Roger Cape Town, South Africa, 1996
9 (RLIN) 68867
245 #0 - TITLE STATEMENT
Title Making urban places : principles and guidelines for layout planning
942 ## - ADDED ENTRY ELEMENTS
item type Books
Holdings
Withdrawn status Lost status Damaged status Not for loan Home library Current library Date acquired Cost, normal purchase price Total Checkouts Barcode Date last seen Price effective from item type
        Emthonjeni PL (MMID-PLEMA-EMTH) Emthonjeni PL (MMID-PLEMA-EMTH) 18.08.2021 255.00   33228021902489 18.08.2021 18.08.2021 Books